| 000 | 00353nam a2200145Ia 4500 | ||
|---|---|---|---|
| 008 | 230917s9999||||xx |||||||||||||| ||und|| | ||
| 040 |
_e77510 _aMAIN |
||
| 041 | _aEnglish | ||
| 082 | _a34:330.03 G427D | ||
| 100 | _aGilpin, Alan | ||
| 245 | 0 | _aDictionary of economic terms | |
| 260 |
_aLondon _bButterworths _c1977 |
||
| 300 | _a249 p. | ||
| 942 | _cBK | ||
| 999 |
_c220570 _d220570 |
||